MS-DOS 6 snadno a rychle /

Na minha lista:
Detalhes bibliográficos
Autor principal: Kořínek, Martin (Author)
Formato: Livro
Idioma:tcheco
Publicado em: Praha : Grada, 1993
Tags: Adicionar Tag
Sem tags, seja o primeiro a adicionar uma tag!

MARC

LEADER 00000nam a22000003a 4500
001 stu23005
005 20150617225750.6
008 941220s1993----cs------------------cze-d
020 |a 80-85623-50-1 
040 |a STU  |b slo 
041 0 |a cze 
044 |a cs 
080 |a 681.3.06 
100 1 |a Kořínek, Martin  |4 aut 
245 1 |a MS-DOS 6 snadno a rychle /  |c [aut.]Kořínek,Martin 
260 |a Praha :  |b Grada,  |c 1993 
300 |a 218 s :  |b Tab.,lit 
996 |b CB1965  |c C*B1965  |l CCIV  |s P  |a 0  |w stu23005_0001